| 000 | 00904nam a22002177a 4500 | ||
|---|---|---|---|
| 003 | OSt | ||
| 005 | 20260127153631.0 | ||
| 008 | 230719b ||||| |||| 00| 0 eng d | ||
| 040 | _cSSBUL | ||
| 041 | _ashan | ||
| 082 |
_223 _a294.34 |
||
| 100 | 0 |
_aဝိၸိတ်တထမ်မ၊ _cပေႃႈမုၼ်ထီး။ _928146 |
|
| 245 | 1 | 0 | _aပေႃထိပၵ်ၶိယ 37 - ပိၵ်ႇထမ်းဢရိယႃႇၸဝ်ႈ မိၼ်ၶဝ်ႈၼိပ်ႉပၢၼ်ႇ / |
| 260 |
_aမိူင်းၵွၵ်ႇ၊ _bႁူင်းဢိတ်ႇလိၵ်ႈ ထႆးရၢႆးၵၢၼ်ၽိမ်း၊ _c2007 ။ |
||
| 300 |
_a81 ၼႃႈ၊ _bပႃးႁၢင်ႈ(သီ)၊ _c21 ၸိၼ်ႇတီႇ။ |
||
| 500 | _aS-SAT: Dr. Prof Sai Aung Tun | ||
| 650 |
_aသတိတြႃး _923123 |
||
| 942 | _cBK | ||
| 942 | _2ddc | ||
| 942 | _2ddc | ||
| 999 |
_c27328 _d27328 |
||